IoD attacks government transport plan (Record no. 68068)
[ view plain ]
| 000 -LEADER | |
|---|---|
| fixed length control field | 00750cam a2200193 4500 |
| 001 - CONTROL NUMBER | |
| control field | WB3732-51 |
| 008 - FIXED-LENGTH DATA ELEMENTS--GENERAL INFORMATION | |
| fixed length control field | 010822n2001 000 0 eng u |
| 035 ## - SYSTEM CONTROL NUMBER | |
| System control number | (Sirsi) u114272 |
| 245 ## - TITLE STATEMENT | |
| Title | IoD attacks government transport plan |
| 260 ## - PUBLICATION, DISTRIBUTION, ETC. | |
| Date of publication, distribution, etc. | 2001 |
| 490 ## - SERIES STATEMENT | |
| Series statement | Institute of Directors' Press Release |
| Volume/sequential designation | 21 August 2001, (1) |
| 520 ## - SUMMARY, ETC. | |
| Summary, etc. | A new report by the Institute of Directors (IoD) predicts that the government's 10-year Transport Plan will do little to ease road congestion in the UK. For a summary of "More roads and road pricing - the way to go?" visit: www.iod.com |
| 590 ## - LOCAL NOTE (RLIN) | |
| Local note | WB |
| 650 ## - SUBJECT ADDED ENTRY--TOPICAL TERM | |
| Topical term or geographic name entry element | INSTITUTE OF DIRECTORS |
| 650 ## - SUBJECT ADDED ENTRY--TOPICAL TERM | |
| Topical term or geographic name entry element | ROAD CONGESTION |
| 650 ## - SUBJECT ADDED ENTRY--TOPICAL TERM | |
| Topical term or geographic name entry element | TRANSPORT PLANS |
| 690 ## - LOCAL SUBJECT ADDED ENTRY--TOPICAL TERM (OCLC, RLIN) | |
| Topical term or geographic name as entry element | TRANSPORT AND COMMUNICATIONS |
| 942 ## - ADDED ENTRY ELEMENTS (KOHA) | |
| Suppress in OPAC | 0 |
| Withdrawn status | Lost status | Source of classification or shelving scheme | Damaged status | Not for loan | Home library | Current library | Shelving location | Date acquired | Total Checkouts | Full call number | Barcode | Date last seen | Copy number | Price effective from | Koha item type |
|---|---|---|---|---|---|---|---|---|---|---|---|---|---|---|---|
| Dewey Decimal Classification | London | London | News article | 22/08/2001 | WB3732-51 | 114272-1001 | 06/08/2019 | 1 | 06/08/2019 | News article |